000 03074nam0a2200421 4500
001 RU\NLR\BIBL_A\012782994
005 20250624154811.0
021 _aRU
_b2022-492
_9КН-П-33
035 _a(RuMoRGB)010953970
035 _a(NLR Aleph) 012782994
090 _a13129008
_c13129008
100 _a20220511d2021 |||y0rusy50 ca
101 0 _aeng
_drus
102 _aRU
105 _aa z 000zy
181 0 _ai
_baxxe
182 0 _an
200 1 _aElectronic readout system designed for MCORD in the NICA experiments
_epresented at XLVI IEEE-SPIE symposium 2020, August 31 - September 6, 2020, Wilga, Poland
_fP. Kolasiński, K. Poźniak, G. Kasprowicz [et al.]
203 _aТекст
_bвизуальный
_cнепосредственный
210 _aДубна
_cИздательский отдел Объединенного института ядерных исследований
_d2021
215 _a7, [1] с.
_cил., цв. ил.
_d22
225 1 _aОбъединенный институт ядерных исследований, Дубна
_vЕ13-2020-34
300 _aНа 3-й с. обл.: Электронная система считывания, разработанная для детектора MCORD для экспериментов на NICA / Коласински П. и др.
300 _aРез. на рус. яз.
320 _aБиблиогр. в конце кн. (7 назв.)
330 _aСистема много целевого детектора (MPD) является часть нового ускорительного комплекса (Nuclotron-based Ion Collider fAcility - NICA), расположенного в Дубне (Россия). Для соответствия всем функциях и требованиям MPD была разработана дополнительная триггерная система (старта и синхронизации), которая выполняет две основные задачи: она отвечает, во-первых, за калибровку субдетекторов MPD вне луча, а во-вторых, за идентификацию и отбрасывание частиц космических лучей
517 1 _aЭлектронная система считывания, разработанная для детектора MCORD для экспериментов на NICA
541 1 _aЭлектронная система считывания, разработанная для детектора MCORD для экспериментов на NICA
_zrus
606 1 _aNICA, ускорительный комплекс тяжелых ионов
_xДетектор космических лучей
_92549875
_3RU\NLR\AUTH\6601722112
686 1 _aВ381.14
701 1 _aKolasiński
_bP.
701 1 _aPoźniak
_bK.
701 1 _aKasprowicz
_bG.
942 _cBOOK
980 _aNB